[Event "I Torneo Puntay A"]
[Site "Caldaro - Kaltern ITA"]
[Date "2016.10.22"]
[Round "3"]
[White "Gurschler, Gregor"]
[Black "Tencati, Giuseppe"]
[WhiteElo "1877"]
[BlackElo "2052"]
[Result "0-1"]
[PlyCount "106"]
[EventDate "2016.10.21"]

1. e4 e6 2. d3 d5 3. Nd2 c5 4. Ngf3 Nc6 5. g3 Nf6 6. Bg2 Be7 7. O-O b5 8. Re1
Qc7 9. c3 a5 10. Nf1 Ba6 11. Bf4 Qb6 12. Qe2 b4 13. c4 dxe4 14. dxe4 Rd8 15.
N1d2 O-O 16. e5 Nd5 17. Bg5 h6 18. Bxe7 Ndxe7 19. Qe4 Nd4 20. Nxd4 Rxd4 21. Qe2
Rfd8 22. Rad1 Qc7 23. Nb3 Bxc4 24. Qf3 Bxb3 25. axb3 Nf5 26. Rxd4 Nxd4 27. Qd3
Nc6 28. Qe3 Ne7 29. Rc1 Rc8 30. Bf1 Nd5 31. Qe4 Qc6 32. Bd3 g6 33. h4 h5 34.
Bf1 a4 35. bxa4 Qxa4 36. Bc4 Qc6 37. Qe2 Nb6 38. b3 Rd8 39. Bd3 Rd4 40. Qe3 Qd5
41. Bf1 c4 42. bxc4 Nxc4 43. Bxc4 Rxc4 44. Rb1 Re4 45. Qb6 Qxe5 46. Qd8+ Kg7
47. Qd2 Qc3 48. Qd1 Rd4 49. Qe2 Rd5 50. Qe4 b3 51. Qa4 b2 52. Qe4 Re5 53. Qa4
Qc1+ 0-1

[Event "I Torneo Puntay A"]
[Site "Caldaro - Kaltern ITA"]
[Date "2016.10.22"]
[Round "3"]
[White "Niederstaetter, Harald"]
[Black "Engl, Stefan"]
[WhiteElo "2002"]
[BlackElo "2034"]
[Result "1-0"]
[PlyCount "93"]
[EventDate "2016.10.21"]

1. d4 e6 2. Nf3 f5 3. Bg5 Be7 4. Bxe7 Qxe7 5. c3 Nf6 6. g3 O-O 7. Bg2 d6 8.
Nbd2 e5 9. dxe5 dxe5 10. O-O Nc6 11. Qc2 e4 12. Nd4 Nxd4 13. cxd4 Be6 14. Rfc1
c6 15. Qc5 Qxc5 16. Rxc5 Bd5 17. e3 Nd7 18. Rc2 Rae8 19. Bf1 g5 20. b4 h5 21.
b5 Rc8 22. Rac1 Nb6 23. bxc6 Rxc6 24. Rxc6 Bxc6 25. Nc4 Nxc4 26. Bxc4+ Kg7 27.
h4 gxh4 28. gxh4 Kf6 29. Kh2 f4 30. Bb3 Rd8 31. Rc5 fxe3 32. fxe3 Be8 33. Kg3
Rd7 34. Kf4 Rg7 35. Rf5+ Ke7 36. Rg5 Rg6 37. Rxg6 Bxg6 38. Ke5 b5 39. Bd5 a5
40. Bxe4 Bf7 41. Bd5 Bg6 42. Be4 Bf7 43. d5 a4 44. a3 Be8 45. Bd3 Bd7 46. Kd4
Kd6 47. e4 1-0

[Event "I Torneo Puntay A"]
[Site "Caldaro - Kaltern ITA"]
[Date "2016.10.22"]
[Round "3"]
[White "Schrott, Johann"]
[Black "Bonade, Massimo"]
[WhiteElo "1915"]
[BlackElo "2111"]
[Result "1/2-1/2"]
[PlyCount "66"]
[EventDate "2016.10.21"]

1. e4 c5 2. Nf3 d6 3. d4 cxd4 4. Nxd4 Nf6 5. Nc3 a6 6. a4 e6 7. Bd3 Be7 8. O-O
O-O 9. Be3 Nbd7 10. f4 Qc7 11. Qe2 b6 12. Kh1 Bb7 13. Bf2 Nc5 14. Bh4 Nxd3 15.
cxd3 Qd8 16. Bg3 Rc8 17. Nc2 Re8 18. Rad1 Bf8 19. Rc1 d5 20. Bf2 dxe4 21. dxe4
Bc5 22. Bxc5 Rxc5 23. Nb4 Qa8 24. Rce1 Rd8 25. Rd1 a5 26. Rxd8+ Qxd8 27. Rd1
Qc8 28. Nd3 Rc4 29. Nf2 h6 30. h3 Ba6 31. Qf3 Rb4 32. Rd2 Nd7 33. Qd1 Nf8
1/2-1/2

[Event "I Torneo Puntay A"]
[Site "Caldaro - Kaltern ITA"]
[Date "2016.10.22"]
[Round "3"]
[White "Smole, Albert"]
[Black "Tirelli, Mauro"]
[WhiteElo "2045"]
[BlackElo "2144"]
[Result "1/2-1/2"]
[PlyCount "88"]
[EventDate "2016.10.21"]

1. e4 e6 2. d4 d5 3. Nd2 Nc6 4. Ngf3 Nf6 5. e5 Nd7 6. c4 dxc4 7. Nxc4 Nb6 8.
Nxb6 Bb4+ 9. Bd2 axb6 10. Bd3 Qd5 11. O-O Bxd2 12. Qxd2 O-O 13. a3 Na5 14. Rad1
Bd7 15. Qe2 Ba4 16. Rc1 Bc6 17. Rc3 f6 18. b4 fxe5 19. bxa5 e4 20. Rxc6 Qxc6
21. Bxe4 Qe8 22. axb6 cxb6 23. Ng5 h6 24. Nxe6 Qxe6 25. Bh7+ Kf7 26. Qf3+ Ke8
27. Qxb7 Rxa3 28. d5 Qe5 29. Bg6+ Kd8 30. Qxb6+ Kd7 31. Qb4 Qd6 32. Qg4+ Kd8
33. g3 Raf3 34. Be4 R3f7 35. Qe2 g5 36. Bg2 Rf6 37. Qc4 Ke8 38. Bh3 Kf7 39. Rc1
Kg8 40. Be6+ Kh8 41. Rc2 Rxe6 42. dxe6 Qd1+ 43. Kg2 Qf3+ 44. Kh3 Qf5+ 1/2-1/2

[Event "I Torneo Puntay A"]
[Site "Caldaro - Kaltern ITA"]
[Date "2016.10.22"]
[Round "3"]
[White "Spornberger, Andre"]
[Black "Cancian, Loris"]
[WhiteElo "2288"]
[BlackElo "1856"]
[Result "1-0"]
[PlyCount "67"]
[EventDate "2016.10.21"]

1. d4 d5 2. Bf4 Nf6 3. e3 Bf5 4. c4 e6 5. Qb3 Qc8 6. Nc3 c6 7. Nf3 Nbd7 8. Rc1
a6 9. h3 Be7 10. Be2 O-O 11. O-O Ne4 12. c5 Nxc3 13. bxc3 Bd8 14. c4 Bc7 15.
Bxc7 Qxc7 16. Bd3 dxc4 17. Qxc4 Bxd3 18. Qxd3 Rfd8 19. Qb3 Rab8 20. Rfd1 h6 21.
Nd2 Nf6 22. Nc4 Ne4 23. Rb1 Qe7 24. Qc2 Nf6 25. Rb3 Ne8 26. Rdb1 Rd5 27. Na5
Qh4 28. Nxc6 Rc8 29. Na7 Rcd8 30. Rxb7 g5 31. Nc6 g4 32. Nxd8 gxh3 33. Rxf7 Ng7
34. Qg6 1-0

[Event "I Torneo Puntay A"]
[Site "Caldaro - Kaltern ITA"]
[Date "2016.10.22"]
[Round "3"]
[White "Spornberger, Maximilian"]
[Black "Wertjanz, David"]
[WhiteElo "2300"]
[BlackElo "2332"]
[Result "1/2-1/2"]
[PlyCount "63"]
[EventDate "2016.10.21"]

1. e4 c5 2. d4 cxd4 3. c3 dxc3 4. Nxc3 d6 5. Nf3 Nc6 6. Bc4 a6 7. O-O Nf6 8.
Bf4 e6 9. Qe2 Be7 10. Rfd1 Qc7 11. Rac1 O-O 12. Bb3 Rd8 13. Nd5 exd5 14. exd5
Nxd5 15. Bxd5 Bg4 16. Qc4 Bf6 17. b4 Rac8 18. h3 Bh5 19. a4 Qb6 20. Be3 Qxb4
21. Qxb4 Nxb4 22. Bxb7 Rxc1 23. Rxc1 Bxf3 24. gxf3 d5 25. Bb6 Re8 26. Ba5 Nd3
27. Rd1 Nb2 28. Rxd5 Nxa4 29. Rd6 Re6 30. Rxe6 fxe6 31. Bxa6 Nc5 32. Be2
1/2-1/2

[Event "I Torneo Puntay A"]
[Site "Caldaro - Kaltern ITA"]
[Date "2016.10.22"]
[Round "3"]
[White "Thurner, Markus"]
[Black "Gibitz, Othmar"]
[WhiteElo "2012"]
[BlackElo "1868"]
[Result "1-0"]
[PlyCount "65"]
[EventDate "2016.10.21"]

1. e4 e5 2. Nf3 Nf6 3. Nc3 Nc6 4. Bc4 Bc5 5. d3 h6 6. Be3 Bb6 7. Nd5 Bxe3 8.
Nxf6+ Qxf6 9. fxe3 Na5 10. Bb3 Nxb3 11. axb3 d6 12. O-O O-O 13. Qe1 Qg6 14. Nh4
Qg4 15. Nf5 Bxf5 16. Rxf5 a6 17. h3 Qg6 18. Qh4 Rae8 19. Raf1 f6 20. R1f3 Rf7
21. Rg3 Qh7 22. Rxf6 Rxf6 23. Qxf6 g5 24. h4 Rf8 25. Qe6+ Qf7 26. Qxf7+ Kxf7
27. hxg5 h5 28. Rf3+ Kg7 29. Rxf8 Kxf8 30. Kf2 Kg7 31. Kg3 Kg6 32. Kh4 b5 33.
c4 1-0

[Event "I Torneo Puntay A"]
[Site "Caldaro - Kaltern ITA"]
[Date "2016.10.23"]
[Round "4"]
[White "Cancian, Loris"]
[Black "Bonade, Massimo"]
[WhiteElo "1856"]
[BlackElo "2111"]
[Result "1/2-1/2"]
[PlyCount "185"]
[EventDate "2016.10.21"]

1. e4 c5 2. Nf3 d6 3. Bc4 e6 4. c3 Nf6 5. d3 Be7 6. O-O O-O 7. Bf4 Nc6 8. Bb3
b6 9. Nbd2 Ba6 10. Bc2 e5 11. Bg5 d5 12. Bxf6 Bxf6 13. Re1 d4 14. Nf1 Qd7 15.
c4 Qg4 16. Ng3 Ne7 17. Qd2 h5 18. h3 Qg6 19. Bd1 Bc8 20. Kh1 h4 21. Nf1 Nc6 22.
N1h2 Nd8 23. Rg1 Kh8 24. b4 cxb4 25. Qxb4 Rg8 26. Qb5 Be6 27. Nxe5 Qg5 28. Nhf3
Qf4 29. Nd7 Bxd7 30. Qxd7 Ne6 31. Qa4 Ng5 32. Nxg5 Bxg5 33. Qc2 Bf6 34. Bg4 Be5
35. g3 hxg3 36. fxg3 Qh6 37. Raf1 g6 38. Rf3 Kg7 39. Kg2 Qg5 40. Qf2 Qe7 41.
Rf1 f6 42. h4 Rab8 43. Rh1 Rh8 44. Qb2 a6 45. a4 Qc5 46. Rb1 Bd6 47. Qf2 Be5
48. Qb2 Bc7 49. Qb4 Qe5 50. Rh1 Bd6 51. Qd2 Rbf8 52. Qf2 Qc5 53. h5 gxh5 54.
Rf5 Be5 55. Rfxh5 Qa3 56. Rxh8 Rxh8 57. Rxh8 Kxh8 58. Qf5 Qxd3 59. Qc8+ Kg7 60.
Qd7+ Kh6 61. Bf3 Qc2+ 62. Kf1 Qxc4+ 63. Kf2 Qc2+ 64. Kg1 Qc1+ 65. Kf2 Qd2+ 66.
Be2 Qe3+ 67. Kf1 Qxg3 68. Qf5 d3 69. Qh5+ Kg7 70. Qg4+ Qxg4 71. Bxg4 b5 72.
axb5 axb5 73. Ke1 Bc3+ 74. Kd1 b4 75. Be6 Kg6 76. Bc4 d2 77. Bd3 Kg5 78. Bc2
Kf4 79. Ke2 Ke5 80. Kd3 Kf4 81. Bd1 Be5 82. Bc2 Bc3 83. Bd1 Kg3 84. Ke2 Kf4 85.
Kd3 f5 86. exf5 Kxf5 87. Bc2 Ke5 88. Kc4 Kf4 89. Kd3 Kf3 90. Bd1+ Kf2 91. Kc2
Ke1 92. Bg4 Be5 93. Bf3 1/2-1/2

[Event "I Torneo Puntay A"]
[Site "Caldaro - Kaltern ITA"]
[Date "2016.10.23"]
[Round "4"]
[White "Comai, Samuele"]
[Black "De Vita, Gianni"]
[WhiteElo "1822"]
[BlackElo "2054"]
[Result "0-1"]
[PlyCount "82"]
[EventDate "2016.10.21"]

1. d4 d5 2. c4 e6 3. Nc3 f5 4. Nf3 c6 5. Bf4 Nf6 6. e3 Nbd7 7. Bd3 Ne4 8. Qc2
Be7 9. Ne5 Nxe5 10. Bxe5 O-O 11. O-O-O Qa5 12. f3 Nxc3 13. Qxc3 Qd8 14. Kb1 Bf6
15. Bxf6 Qxf6 16. Rhf1 Qh6 17. Qe1 Qxh2 18. Rh1 Qc7 19. Qh4 h6 20. g4 Qd8 21.
Qh5 Bd7 22. Rdg1 Rf6 23. g5 hxg5 24. Rxg5 Qf8 25. Be2 Be8 26. Qh7+ Kf7 27. Rhg1
Ke7 28. Rxg7+ Bf7 29. cxd5 exd5 30. Qh2 Qb8 31. Qh4 Qd6 32. R1g6 Rf8 33. Bd3
Qe6 34. Qg5 b6 35. Bxf5 Qxf5+ 36. Qxf5 Rxf5 37. Rxc6 Rxf3 38. Rc7+ Kf6 39. Rg2
Rxe3 40. Rxa7 Bg6+ 41. Kc1 Rc8+ 0-1

[Event "I Torneo Puntay A"]
[Site "Caldaro - Kaltern ITA"]
[Date "2016.10.23"]
[Round "4"]
[White "De Nisi, Roberta"]
[Black "Beck, Gerald"]
[WhiteElo "1852"]
[BlackElo "1903"]
[Result "1-0"]
[PlyCount "105"]
[EventDate "2016.10.21"]

1. d4 Nf6 2. c4 g6 3. Nc3 d5 4. cxd5 Nxd5 5. e4 Nxc3 6. bxc3 Bg7 7. Bc4 c5 8.
Ne2 Nc6 9. Be3 cxd4 10. cxd4 O-O 11. Rc1 Qa5+ 12. Bd2 Qh5 13. Be3 Qg4 14. Ng3
Rd8 15. Qxg4 Bxg4 16. f3 Bd7 17. Ne2 Be8 18. e5 h6 19. O-O e6 20. Rfd1 Ne7 21.
Nc3 Rac8 22. Ne4 Bc6 23. Nd6 Rb8 24. Bb5 Bxb5 25. Nxb5 a6 26. Nd6 Nd5 27. Bd2
g5 28. Rb1 b6 29. Rdc1 f6 30. Nc4 b5 31. exf6 Bxf6 32. Ne5 Bxe5 33. dxe5 Nb6
34. Ba5 Rd5 35. Rc6 Nc4 36. Rxc4 Rxe5 37. Re4 Rc5 38. Bb4 Rc6 39. a3 Kf7 40.
Rd1 Rb7 41. Rd8 h5 42. Red4 Rcc7 43. Rf8+ Kg7 44. Rdd8 Rc1+ 45. Kf2 Rbc7 46.
Rg8+ Kh7 47. Rh8+ Kg6 48. Rdg8+ Kf5 49. Rxh5 R7c2+ 50. Kg3 Ra2 51. Rhxg5+ Kf6
52. h4 Rcc2 53. Rf8# 1-0

[Event "I Torneo Puntay A"]
[Site "Caldaro - Kaltern ITA"]
[Date "2016.10.23"]
[Round "4"]
[White "Engl, Stefan"]
[Black "Gurschler, Gregor"]
[WhiteElo "2034"]
[BlackElo "1877"]
[Result "1-0"]
[PlyCount "35"]
[EventDate "2016.10.21"]

1. e4 d6 2. d4 Nf6 3. Nc3 g6 4. Bg5 h6 5. Be3 Nbd7 6. f4 c6 7. e5 Nd5 8. Nxd5
cxd5 9. Bd3 e6 10. Nf3 Nb6 11. b3 Qc7 12. O-O Be7 13. exd6 Bxd6 14. Ne5 Nd7 15.
c4 dxc4 16. bxc4 Nxe5 17. fxe5 Bb4 18. Qa4+ 1-0

[Event "I Torneo Puntay A"]
[Site "Caldaro - Kaltern ITA"]
[Date "2016.10.23"]
[Round "4"]
[White "Paltrinieri, Nicholas"]
[Black "Olivetti, Davide"]
[WhiteElo "2235"]
[BlackElo "2157"]
[Result "1-0"]
[PlyCount "38"]
[EventDate "2016.10.21"]

1. f4 e5 2. fxe5 d6 3. Nf3 dxe5 4. e4 Bc5 5. c3 Nf6 6. Be2 O-O 7. Qc2 Nc6 8. b4
Bb6 9. Na3 Nh5 10. d3 a6 11. Nc4 Ba7 12. g3 f5 13. Nfxe5 Nxe5 14. Nxe5 Qe7 15.
d4 Nf6 16. exf5 Nd5 17. Bc4 c6 18. Rf1 Kh8 19. Qe2 Rxf5 1-0

[Event "I Torneo Puntay A"]
[Site "Caldaro - Kaltern ITA"]
[Date "2016.10.23"]
[Round "4"]
[White "Pojer, Romeo"]
[Black "Spornberger, Maximilian"]
[WhiteElo "2084"]
[BlackElo "2300"]
[Result "1-0"]
[PlyCount "103"]
[EventDate "2016.10.21"]

1. e4 e6 2. d4 d5 3. Nc3 Bb4 4. Nge2 Nf6 5. Bg5 dxe4 6. a3 Be7 7. Bxf6 Bxf6 8.
Nxe4 Nc6 9. Qd3 Bxd4 10. O-O-O Bf6 11. Qg3 Qe7 12. Nxf6+ Qxf6 13. Qxc7 Qxf2 14.
Nd4 O-O 15. Nxc6 bxc6 16. Bd3 Qb6 17. Qxb6 axb6 18. Be4 e5 19. Bxc6 Ra7 20. Rd6
Re7 21. Re1 Bg4 22. a4 g5 23. b4 Rc8 24. Kb2 Kg7 25. b5 f5 26. Ka3 e4 27. c4 e3
28. Kb4 f4 29. Bd5 e2 30. Rxb6 Re3 31. Rb7+ Kf6 32. Rxh7 Rd3 33. Rf7+ Ke5 34.
Re7+ Kd6 35. R1xe2 Bxe2 36. Rxe2 g4 37. Re6+ Kd7 38. Rf6 g3 39. hxg3 fxg3 40.
Be6+ Ke7 41. Bxc8 Kxf6 42. a5 Ke5 43. a6 Kd4 44. a7 Rd1 45. b6 Rb1+ 46. Ka3 Kc3
47. Ka2 Rb2+ 48. Ka1 Rxg2 49. a8=Q Rg1+ 50. Ka2 g2 51. Qf3+ Kb4 52. Qb3+ 1-0

[Event "I Torneo Puntay A"]
[Site "Caldaro - Kaltern ITA"]
[Date "2016.10.23"]
[Round "4"]
[White "Tencati, Giuseppe"]
[Black "Smole, Albert"]
[WhiteElo "2052"]
[BlackElo "2045"]
[Result "1/2-1/2"]
[PlyCount "119"]
[EventDate "2016.10.21"]

1. d4 Nf6 2. c4 e6 3. Nc3 Bb4 4. Qc2 d5 5. cxd5 exd5 6. Bg5 O-O 7. Nf3 c6 8. e3
h6 9. Bh4 Nbd7 10. Bd3 Qa5 11. O-O Re8 12. Nd2 Be7 13. a3 Qd8 14. Rae1 Nf8 15.
f3 b6 16. Bf2 Ne6 17. Ne2 c5 18. Bf5 Bf8 19. Nb1 Ba6 20. Nbc3 cxd4 21. exd4 g6
22. Bd3 Bxd3 23. Qxd3 a6 24. a4 Qd7 25. Bg3 Bg7 26. Be5 Rec8 27. Rc1 Qb7 28.
Rc2 Nh5 29. Bxg7 Nhxg7 30. Rfc1 Nf5 31. g4 Nd6 32. Qe3 Ng5 33. b3 Re8 34. Qd3
Ne6 35. Qd2 Kg7 36. Nf4 Nxf4 37. Qxf4 Re6 38. Re2 Rae8 39. Rce1 Rxe2 40. Rxe2
Rxe2 41. Nxe2 Qe7 42. Kf2 g5 43. Qe3 Qxe3+ 44. Kxe3 Kf6 45. Ng3 Ke6 46. Kd3 f5
47. h3 f4 48. Ne2 Nc8 49. Nc1 Ne7 50. Kc3 Ng6 51. Nd3 Nh4 52. Ne5 Ng2 53. Kd3
Ne3 54. Ng6 a5 55. h4 Ng2 56. h5 Ne1+ 57. Ke2 Nc2 58. Kd3 Nb4+ 59. Kc3 Nc6 60.
Kd3 1/2-1/2

[Event "I Torneo Puntay A"]
[Site "Caldaro - Kaltern ITA"]
[Date "2016.10.23"]
[Round "4"]
[White "Thurner, Markus"]
[Black "Schrott, Johann"]
[WhiteElo "2012"]
[BlackElo "1915"]
[Result "1/2-1/2"]
[PlyCount "86"]
[EventDate "2016.10.21"]

1. e4 c5 2. Nc3 Nc6 3. g3 g6 4. Bg2 Bg7 5. f4 d6 6. Nf3 e6 7. O-O Nge7 8. Kh1
O-O 9. d3 Rb8 10. Ne2 b5 11. d4 cxd4 12. Nexd4 Qc7 13. Be3 Rd8 14. Rf2 a6 15.
c3 Na5 16. Nd2 Nb7 17. Rc1 Nc5 18. N2b3 Bb7 19. Qc2 Nc8 20. Nxc5 dxc5 21. Nb3
Bf8 22. f5 exf5 23. exf5 Bxg2+ 24. Kxg2 Nb6 25. fxg6 fxg6 26. Rcf1 Nd5 27. Bg5
Rd7 28. Kg1 Qe5 29. Bf4 Nxf4 30. Rxf4 Bh6 31. R4f3 c4 32. Nd4 Be3+ 33. Kg2 Bxd4
34. cxd4 Qxd4 35. R1f2 Qd5 36. Qc3 Re8 37. h4 Re6 38. Kh2 Qe5 39. Qb4 Qe1 40.
Qc5 Re8 41. Qc6 Qe6 42. Qc5 Qe1 43. Qc6 Rde7 1/2-1/2

[Event "I Torneo Puntay A"]
[Site "Caldaro - Kaltern ITA"]
[Date "2016.10.23"]
[Round "4"]
[White "Tirelli, Mauro"]
[Black "Niederstaetter, Harald"]
[WhiteElo "2144"]
[BlackElo "2002"]
[Result "1-0"]
[PlyCount "37"]
[EventDate "2016.10.21"]

1. e4 c6 2. d4 d5 3. Nd2 dxe4 4. Nxe4 Bf5 5. Ng3 Bg6 6. Nf3 Nd7 7. h4 h6 8. h5
Bh7 9. Bd3 Bxd3 10. Qxd3 e6 11. Bd2 Ngf6 12. c4 Bd6 13. Qe2 Qc7 14. Nf5 Bf4 15.
O-O-O Bxd2+ 16. Rxd2 Qf4 17. Ne3 O-O-O 18. c5 Kc7 19. Rh4 1-0

[Event "I Torneo Puntay A"]
[Site "Caldaro - Kaltern ITA"]
[Date "2016.10.23"]
[Round "4"]
[White "Wertjanz, David"]
[Black "Dappiano, Andrea"]
[WhiteElo "2332"]
[BlackElo "2288"]
[Result "0-1"]
[PlyCount "106"]
[EventDate "2016.10.21"]

1. Nf3 e6 2. g3 c5 3. c4 Nc6 4. Bg2 Nge7 5. d4 cxd4 6. Nxd4 Nxd4 7. Qxd4 Nc6 8.
Qd1 Na5 9. Nd2 Be7 10. O-O Qc7 11. b3 d5 12. cxd5 exd5 13. Bb2 O-O 14. Bxd5 Bh3
15. Re1 Rad8 16. e4 Bc5 17. Qh5 Qd7 18. Rac1 Bb4 19. Qg5 Qg4 20. Qxg4 Bxg4 21.
Bc3 Nc6 22. Nc4 Bxc3 23. Rxc3 Nd4 24. Kg2 Rfe8 25. Ree3 b5 26. Nd2 Rc8 27. Red3
Nc2 28. Kf1 Nb4 29. Rxc8 Rxc8 30. Rd4 Rc1+ 31. Kg2 Nc2 32. Bxf7+ Kxf7 33. Rd5
Ne1+ 34. Kf1 Nf3+ 35. Ke2 Nxd2+ 36. Kxd2 Rd1+ 37. Kc3 Rxd5 38. exd5 Ke7 39. Kb4
Kd6 40. Kxb5 Be2+ 41. Ka5 Kxd5 42. a4 Ke4 43. b4 a6 44. f4 Kf3 45. Kb6 h5 46.
Kc5 Kg2 47. Kd4 g6 48. Ke3 Bf1 49. Ke4 Kxh2 50. Kf3 Kh3 51. Kf2 Bg2 52. b5 axb5
53. axb5 Ba8 0-1

[Event "I Torneo Puntay A"]
[Site "Caldaro - Kaltern ITA"]
[Date "2016.10.23"]
[Round "5"]
[White "Beck, Gerald"]
[Black "Comai, Samuele"]
[WhiteElo "1903"]
[BlackElo "1822"]
[Result "1-0"]
[PlyCount "55"]
[EventDate "2016.10.21"]

1. c4 c5 2. g3 g6 3. Bg2 Bg7 4. Nc3 Nc6 5. Nf3 e6 6. O-O Nge7 7. d3 O-O 8. Be3
Nd4 9. Qc1 d5 10. Bh6 b6 11. Bxg7 Kxg7 12. Nxd4 cxd4 13. Nb5 e5 14. f4 a6 15.
Na3 Bb7 16. fxe5 Nf5 17. Nc2 Qc7 18. Rxf5 gxf5 19. Qg5+ Kh8 20. Qf6+ Kg8 21.
Nxd4 Qd8 22. Qh6 f6 23. Nxf5 Qc7 24. exf6 Rf7 25. Qg5+ Kh8 26. Nh6 Rd7 27. Rf1
dxc4 28. Bxb7 1-0

[Event "I Torneo Puntay A"]
[Site "Caldaro - Kaltern ITA"]
[Date "2016.10.23"]
[Round "5"]
[White "Bertagnolli, Alexander"]
[Black "Paltrinieri, Nicholas"]
[WhiteElo "2375"]
[BlackElo "2235"]
[Result "1/2-1/2"]
[PlyCount "22"]
[EventDate "2016.10.21"]

1. e4 e6 2. d4 d5 3. exd5 exd5 4. Bd3 Nf6 5. Bg5 Be7 6. h3 Nbd7 7. Nf3 O-O 8.
O-O h6 9. Bf4 c5 10. c4 dxc4 11. Bxc4 Nb6 1/2-1/2

[Event "I Torneo Puntay A"]
[Site "Caldaro - Kaltern ITA"]
[Date "2016.10.23"]
[Round "5"]
[White "Bonade, Massimo"]
[Black "De Nisi, Roberta"]
[WhiteElo "2111"]
[BlackElo "1852"]
[Result "1/2-1/2"]
[PlyCount "74"]
[EventDate "2016.10.21"]

1. e4 e6 2. d4 d5 3. Nd2 Nf6 4. e5 Nfd7 5. Bd3 c5 6. c3 Nc6 7. Ne2 cxd4 8. cxd4
Qb6 9. Nf3 Be7 10. O-O O-O 11. b3 f5 12. exf6 Nxf6 13. Bb2 Bd7 14. Ne5 Nxe5 15.
dxe5 Ng4 16. Bd4 Bc5 17. Bxc5 Qxc5 18. Rc1 Qb6 19. Nd4 Rf4 20. Nf3 Raf8 21. Qe2
a6 22. h3 Nh6 23. Rfe1 Nf5 24. Bxf5 R8xf5 25. Qc2 Bc6 26. Re2 Qd8 27. Qd2 d4
28. Ne1 Qh4 29. Nd3 Re4 30. Rxe4 Qxe4 31. f3 Qh4 32. a4 Qg3 33. Ne1 Rxe5 34.
Qf2 Qxf2+ 35. Kxf2 Re3 36. Rd1 Rxb3 37. Rxd4 Rb2+ 1/2-1/2

[Event "I Torneo Puntay A"]
[Site "Caldaro - Kaltern ITA"]
[Date "2016.10.23"]
[Round "5"]
[White "Casadio, Lorenzo"]
[Black "Engl, Stefan"]
[WhiteElo "1939"]
[BlackElo "2034"]
[Result "1/2-1/2"]
[PlyCount "67"]
[EventDate "2016.10.21"]

1. Nf3 e6 2. e4 d5 3. exd5 exd5 4. d4 Nc6 5. Bf4 Bg4 6. Be2 Bd6 7. Qd2 Nf6 8.
Nc3 O-O 9. O-O Re8 10. Rfe1 Ne4 11. Nxe4 Rxe4 12. Be3 Qf6 13. c3 Rae8 14. h3
Bh5 15. Nh2 Bxe2 16. Rxe2 Bf4 17. Rae1 Qe7 18. Nf3 f6 19. Kf1 Bd6 20. Qd3 a6
21. Nd2 Re6 22. Qf5 Nd8 23. Qxd5 c6 24. Qf5 Bb8 25. Nb3 Qd6 26. g3 g6 27. Qf3
Ba7 28. Bf4 Qd7 29. Rxe6 Rxe6 30. Rxe6 Qxe6 31. g4 Kf7 32. Qe3 Qd5 33. Ke2 Ne6
34. Bg3 1/2-1/2

[Event "I Torneo Puntay A"]
[Site "Caldaro - Kaltern ITA"]
[Date "2016.10.23"]
[Round "5"]
[White "De Vita, Gianni"]
[Black "Cancian, Loris"]
[WhiteElo "2054"]
[BlackElo "1856"]
[Result "1-0"]
[PlyCount "113"]
[EventDate "2016.10.21"]

1. e4 d6 2. d4 Nf6 3. Bd3 g6 4. Nf3 Bg7 5. O-O O-O 6. h3 c5 7. c3 c4 8. Bc2 Qc7
9. Qe2 Nbd7 10. Na3 Nb6 11. Re1 Bd7 12. Bf4 Nh5 13. Be3 Rac8 14. Qd2 e6 15. Bh6
Nf6 16. Bxg7 Kxg7 17. e5 Nfd5 18. exd6 Qxd6 19. Ne5 Be8 20. Be4 a6 21. Bf3 f6
22. Ng4 Nd7 23. g3 b5 24. Nc2 N7b6 25. Re2 g5 26. Rae1 Bf7 27. Nge3 Bg6 28.
Nxd5 exd5 29. Re6 Qb8 30. Nb4 Rce8 31. Nxa6 Qd8 32. Nc5 Bf7 33. Bg4 Na4 34.
Rxe8 Rxe8 35. Rxe8 Qxe8 36. Bd7 Qe7 37. Bxb5 Nxc5 38. dxc5 Qxc5 39. Ba4 Bg6 40.
Bc2 Bf7 41. Bd1 Be6 42. Kg2 Qc8 43. g4 h5 44. f3 h4 45. f4 Qb8 46. Kf3 gxf4 47.
b4 Qa8 48. Kf2 Qa7+ 49. Kf1 Qc7 50. Bf3 Qe5 51. a4 Kf7 52. Qd4 Qe3 53. Qxe3
fxe3 54. Ke2 f5 55. gxf5 Bxf5 56. Bxd5+ Ke7 57. Bg2 1-0

[Event "I Torneo Puntay A"]
[Site "Caldaro - Kaltern ITA"]
[Date "2016.10.23"]
[Round "5"]
[White "Olivetti, Davide"]
[Black "Smole, Albert"]
[WhiteElo "2157"]
[BlackElo "2045"]
[Result "0-1"]
[PlyCount "110"]
[EventDate "2016.10.21"]

1. d3 d5 2. Nf3 c5 3. g3 Nc6 4. Bg2 h6 5. O-O Bf5 6. Nbd2 Nf6 7. b3 e5 8. Nh4
Be6 9. e4 dxe4 10. dxe4 Be7 11. Nf5 O-O 12. c3 Re8 13. Nxe7+ Rxe7 14. Qe2 Rd7
15. Rd1 Qa5 16. Bb2 Rad8 17. Bf3 b5 18. Kg2 b4 19. Nc4 Bxc4 20. Qxc4 Rxd1 21.
cxb4 Qxb4 22. Rxd1 Rxd1 23. Bxd1 Qxc4 24. bxc4 Nxe4 25. Ba4 Nd4 26. Ba3 a6 27.
Bd7 Ne6 28. Bc8 a5 29. Bb2 Nd6 30. Bxe6 fxe6 31. Ba3 Nxc4 32. Bxc5 e4 33. Kf1
Kf7 34. Ke2 g6 35. Kd1 e5 36. Kc2 Ke6 37. Kb3 Kd5 38. Be7 e3 39. fxe3 Nxe3 40.
Ka4 Nc4 41. Kb5 e4 42. g4 e3 43. Bf6 Ne5 44. Bd8 Nc6 45. Bh4 g5 46. Bg3 e2 47.
a4 Nd4+ 48. Kxa5 Kc6 49. Kb4 e1=Q+ 50. Bxe1 Nc2+ 51. Kc4 Nxe1 52. h3 Nf3 53.
Kd3 Ng1 54. h4 gxh4 55. Ke3 Nh3 0-1

[Event "I Torneo Puntay A"]
[Site "Caldaro - Kaltern ITA"]
[Date "2016.10.23"]
[Round "5"]
[White "Schrott, Johann"]
[Black "Tencati, Giuseppe"]
[WhiteElo "1915"]
[BlackElo "2052"]
[Result "0-1"]
[PlyCount "52"]
[EventDate "2016.10.21"]

1. e4 e6 2. d4 d5 3. Nd2 Nf6 4. e5 Nfd7 5. Bd3 c5 6. c3 Nc6 7. Ne2 cxd4 8. cxd4
f6 9. exf6 Nxf6 10. O-O Bd6 11. f4 O-O 12. Nf3 Bd7 13. Ne5 Be8 14. Ng3 Qb6 15.
Be3 Nxe5 16. fxe5 Bxe5 17. Bf2 Bd6 18. Qd2 Bb5 19. Bxb5 Qxb5 20. a3 Rac8 21.
Ne2 Ne4 22. Qe1 Qxb2 23. Ng3 Rxf2 24. Rxf2 Qxf2+ 25. Qxf2 Nxf2 26. Kxf2 Rc2+
0-1

[Event "I Torneo Puntay A"]
[Site "Caldaro - Kaltern ITA"]
[Date "2016.10.23"]
[Round "5"]
[White "Spornberger, Maximilian"]
[Black "Tirelli, Mauro"]
[WhiteElo "2300"]
[BlackElo "2144"]
[Result "1/2-1/2"]
[PlyCount "118"]
[EventDate "2016.10.21"]

1. e4 e6 2. d3 d5 3. Nd2 Nf6 4. Ngf3 Be7 5. g3 c5 6. Bg2 Nc6 7. O-O O-O 8. Re1
b5 9. e5 Nd7 10. Nf1 a5 11. h4 Ba6 12. N1h2 b4 13. Bf4 c4 14. d4 a4 15. a3 c3
16. bxc3 bxc3 17. h5 Na5 18. Ng4 Nc4 19. Qc1 Rb8 20. Bf1 Rb2 21. Bd3 Nd2 22.
Nxd2 Bxd3 23. cxd3 cxd2 24. Qxb2 dxe1=R+ 25. Rxe1 Qb8 26. Rb1 Qxb2 27. Rxb2 Rb8
28. Rxb8+ Nxb8 29. Bc1 Nc6 30. Bb2 Bd8 31. Ne3 Bb6 32. Nc2 f6 33. Kg2 Kf7 34.
f4 g6 35. hxg6+ hxg6 36. g4 f5 37. Bc3 Ba5 38. Bxa5 Nxa5 39. g5 Nc6 40. Kf3 Na7
41. Ke3 Nb5 42. Kd2 Ke7 43. Kc1 Kd7 44. Kb2 Kc7 45. Ne1 Kd7 46. Nc2 Kc7 47. Kc1
Kd7 48. Kd2 Kc7 49. Ne1 Kd7 50. Nc2 Kc7 51. Ke1 Kd7 52. Kf2 Kc7 53. Ke3 Kd7 54.
Ke2 Nc3+ 55. Kd2 Nb5 56. Ke3 Ke7 57. Kf2 Kd7 58. Kf3 Ke7 59. Ke3 Kd7 1/2-1/2